مطلع سحر (Record no. 3088)

MARC details
000 -LEADER
fixed length control field 00891 a2200241 4500
005 - DATE AND TIME OF LATEST TRANSACTION
control field 20081106115928.0
008 - FIXED-LENGTH DATA ELEMENTS--GENERAL INFORMATION
fixed length control field 081106t xxu||||| |||| 00| 0 ur d
010 ## - LCCN (DPL NO)
LC control number UR-7312
020 ## - INTERNATIONAL STANDARD BOOK NUMBER
Terms of availability 100.00
035 ## - SYSTEM CONTROL NUMBER
System control number U-5868
037 ## - SOURCE OF ACQUISITION
Source of stock number/acquisition D.B.Act / Pub
082 ## - DEWEY DECIMAL CLASSIFICATION NUMBER
Classification number 841
100 ## - MAIN ENTRY--PERSONAL NAME
Personal name سميع سلطا ن پوری
245 ## - TITLE STATEMENT
Title مطلع سحر
Statement of responsibility, etc سميع سلطان پوری
246 ## - VARYING FORM OF TITLE
Title proper/short title Matla-e-Sahar
Remainder of title by Sami Sultanpuri
260 ## - PUBLICATION, DISTRIBUTION, ETC. (IMPRINT)
Place of publication, distribution, etc سلطا ن پور
Name of publisher, distributor, etc سميع سلطان پوری
Date of publication, distribution, etc 2006
270 ## - ADDRESS
Address بھٹی ،جرولی ،پوسٹ کٹا واں،
City سلطا ن پوری
State or province يو پی
Postal code 228001
Telephone number 9235794786
300 ## - PHYSICAL DESCRIPTION
Extent 132p
Dimensions 22cm (pbk)
650 ## - SUBJECT ADDED ENTRY--TOPICAL TERM
Topical term or geographic name as entry element شا عری
650 ## - SUBJECT ADDED ENTRY--TOPICAL TERM
Topical term or geographic name as entry element Poetry
942 ## - ADDED ENTRY ELEMENTS (KOHA)
Institution code [OBSOLETE] dpl
Item type Urdu Bks
Source of classification or shelving scheme Dewey Decimal Classification
Classification part 841
Call number suffix س م ع
Holdings
Withdrawn status Lost status Source of classification or shelving scheme Damaged status Not for loan Collection code Home library Current library Date acquired Cost, normal purchase price Total Checkouts Full call number Barcode Date last seen Copy number Cost, replacement price Koha item type
    Dewey Decimal Classification   Not For Loan Non-fiction D.B.Act.Division D.B.Act.Division 06/11/2008 100.00   841 س م ع U-5868 15/09/2008 1 100.00 Urdu Bks

© Delhi Public Library
Hit Counter
free hit counter